| 000 | 00562nam a2200181Ia 4500 | ||
|---|---|---|---|
| 005 | 20250923144706.0 | ||
| 008 | 008 250917s9999 xx 000 0 eng d | ||
| 037 | _aTextual | ||
| 040 |
_aDSWL _beng _cDSWL |
||
| 041 |
_aeng _2eng |
||
| 084 |
_aY744:1'1<-F, N32 _qDSWL |
||
| 100 |
_aAli, A. Yusaf _9827437 |
||
| 245 | 0 |
_aMedieval India : Social and economics conditions _cby A Yusaf Ali |
|
| 260 |
_aLondon _b Oxford Uniiversity Press _c1932 |
||
| 300 | _axii,56p. | ||
| 942 |
_cTEXL _hY744:1'1<-F, N32 |
||
| 999 |
_c1442119 _d1442119 |
||